KOHA-Header-6

Advanced Engineering Mathematics. (Record no. 9895)

000 -LEADER
fixed length control field 00275nam a2200109Ia 4500
100 ## - MAIN ENTRY--AUTHOR NAME
Personal name kreyszig ,Erwin
245 #0 - TITLE STATEMENT
Title Advanced Engineering Mathematics.
260 ## - PUBLICATION, DISTRIBUTION, ETC. (IMPRINT)
Place of publication New Delhi
Name of publisher Prentice Hall
Year of publication 2002
300 ## - PHYSICAL DESCRIPTION
Number of Pages 572
942 ## - ADDED ENTRY ELEMENTS (KOHA)
Koha item type Books
Holdings
Withdrawn status Lost status Collection code Permanent Location Current Location Shelving location Date acquired Full call number Accession Number Koha item type
    Mathematics MAJU MAJU Shelf No.A26 2019-09-14 621.3 5916 Mathematics

Powered by Koha